| 000 | 01181nam a2200241Ia 4500 | ||
|---|---|---|---|
| 001 | 209 | ||
| 005 | 20251203123018.0 | ||
| 008 | 251203t1999||||xx |||||||||||||| ||spa|| | ||
| 020 | _a8449411254 | ||
| 041 | _aESP | ||
| 082 |
_aRE 370 _bO28 |
||
| 110 | _aOceano Grupo Editorial | ||
| 245 | 0 |
_aEnciclopedia general de la educación _bVolúmenes 1-3 |
|
| 260 |
_aBarcelona _bOceano Grupo Editorial _c1999 |
||
| 300 |
_a528 páginas : _b ilustraciones ; cuadros, gráficos ; _c 26 cm. _e |
||
| 440 |
_a _n _v |
||
| 505 | _aContenido: Volumen 1: Un marco psicológico global para la educación escolar; La profesión docente; Los contextos de la intervención educativa; Psicología de la educación; Tutoría y orientación. Volumen 2: Evaluación e investigación; Didactica general; Educación y nuevas tecnologías; Educación especial; Didácticas específicas. Volumen 3: Didácticas específicas; Temas transversales; índice general. | ||
| 650 | _aCIS | ||
| 653 | _aEducación; Enciclopedias | ||
| 654 | _aCED | ||
| 700 |
_aAja Fernández, José Manuel; Albaladejo Marcet, Carmen; Antunéz Marcos, Serafín [y otros treinta y cuatro más] _cAUTS |
||
| 942 |
_cENC _dJUS _fMIP _2ddc _n |
||
| 999 |
_c209 _d209 |
||